| 000 | 00590nam a2200217Ia 4500 | ||
|---|---|---|---|
| 008 | 101110s9999 xx 000 0 und d | ||
| 041 | _aENGLISH | ||
| 082 | _bJR4982 | ||
| 100 | _aPatkar M.G. & Joshi C.M. | ||
| 245 | _aOrganisation of commerce & management Std. XI | ||
| 260 |
_c2006 _bPhadake Praqkashan, Pune |
||
| 300 | _a291 | ||
| 365 | _b58 | ||
| 520 | _aCommerce | ||
| 546 | _aENGLISH | ||
| 630 | _aOrganisation of commerce & management Std. XI | ||
| 650 | _aCommerce | ||
| 655 | _aCommerce | ||
| 730 | _aOrganisation of commerce & management Std. XI | ||
| 942 | _cBOOK | ||
| 999 |
_c795789 _d795786 |
||